| 000 | 02465njm a2200385 a 4500 | ||
|---|---|---|---|
| 003 | BLK | ||
| 005 | 20250308161130.0 | ||
| 007 | sd bmmalaaahaa | ||
| 008 | 221104b bu |||||s|||| 00| | bu d | ||
| 028 | _aВТА 11941 | ||
| 040 | _aBLK | ||
| 041 |
_aBUL _cBUL |
||
| 080 |
_aДруги видове песни. Естрада, джаз. Стари градски. Рок и попмузика. Чалга (поп фолк) _b784.7 _z(086.72) _x784.7(086.72) |
||
| 100 | 1 |
_965564 _aДубарова, Петя Стойкова |
|
| 245 |
_aРадостта като сълза _cпесни по стихове на Петя Дубарова; музика Тончо Русев |
||
| 260 |
_9210374 _aСофия _bБалкантон _c1987 |
||
| 300 |
_a1 грамофонна плоча _b33 об/мин, стерео _c30 см |
||
| 380 | _a7 | ||
| 500 | _aСтрана A 1. Пролет (ар. Димитър Гетов) — 3.08 ПЕТЯ БУЮКЛИЕВА и ГЕОРГИ ХРИСТОВ 2. Доброта (ар. Владимир Джамбазов) — 4.05 РОСИЦА КИРИЛОВА 3. Зимна ваканция (ар. Иван Кутиков) — 3.10 РОСИЦА БОРДЖИЕВА 4. Сбогом, лято (ар. Александър Бръзицов) — 3.37 НЕЛИ РАНГЕЛОВА 5. Лятото (ар. Иван Кутиков) — 4.12 Дует "РИТОН" Страна B 1. Нощ над града (ар. Красимир Гюлмезов) — 3.10 ВИГ "ДОМИНО" 2. Улица (ар. Иван Стайков) — 3.47 РОСИЦА БОРДЖИЕВА 3. Радостта като сълза (ар. Константин Цеков) — 3.10 ПЕТЯ БУЮКЛИЕВА 4. Настроение (Дали ще бъда пак щастлива) (ар. Панайот Славчев) — 2.55 ЙОРДАНКА ХРИСТОВА 5. Лунапарк (ар. Константин Цеков) — 4.28 КИЧКА БОДУРОВА | ||
| 650 | 7 |
_9155090 _aЕстрада |
|
| 700 | 1 |
_aРусев, Тончо Русев _d1932 - 2018 _gКомпозитор _9117583 |
|
| 852 |
_aФ ІІ 6846 _bЦб |
||
| 856 |
_i0.00 _ldisable |
||
| 942 |
_cGPL _n0 |
||
| 944 |
_cНора Радева _k30560 _lГеновева Генчева _a30545 |
||
| 999 |
_c527462 _d527462 |
||
| 999 | _d527461 | ||
| 999 | _d527459 | ||
| 999 | _d527456 | ||
| 999 | _d527455 | ||
| 999 | _d527454 | ||
| 999 | _d527452 | ||
| 999 | _d527450 | ||
| 999 | _d527449 | ||
| 999 | _d527448 | ||